| 000 | 00470nam a2200157 i 4500 | ||
|---|---|---|---|
| 001 | 43926 | ||
| 003 | ES-MaACL | ||
| 005 | 20230906160918.0 | ||
| 007 | t| | ||
| 008 | 030320s1966 sp ||||1| spa d | ||
| 100 | 1 |
_aCavero Blecua, Miguel. _937184 |
|
| 245 | 1 | 0 |
_aItinerario sentimental de Tierra Santa / _cpor Miguel Cavero Blecua. |
| 260 |
_a[S.l. : _bEl Eco Franciscano, _c1966. |
||
| 300 |
_a63 p., 7 lám. : _bil. ; _c21 cm. |
||
| 852 |
_aES-MaACL _jC-31108 _bR.61810 |
||
| 999 |
_c43926 _d43926 |
||